Регионална библиотека "Любен Каравелов" - Русе

Съсед с далекоглед (Запис номер 139106)

MARC детайли
000 -Лидер
Контролно поле с фиксирана дължина 01339nam a2200313 c 4500
003 - Код на организацията, давaща контролен номер
Контролно поле BLK
005 - Дата и час на последна редакция
Контролно поле 20180422112200.0
008 - Елементи от данни с фиксирана дължина
fixed length control field 180409b bul|||||r ||||||| ||bul||
010 ## - Наследен системен номер
LC control number KNG00145122000
040 ## - Източник на каталожния запис
Идентификатор на билиотеката - собственик на записа BLK
041 ## - Код за език
Код за езика на текст/звукозапис или на отделно заглавие Български
Код за езика КДБФ Български
080 ## - УДК
Текстов определител УДК Българска литература
УДК код - определител по УДК 821.163.2
УДК определител -93-1
УДК - код + определител 821.163.2-93-1
100 1# - Редна дума - Автор
Автор Донков, Славчо Александров
Авторска отговорност първи автор
R(LIN) 298651
139 ## - Редно поле
Редна дума Донков, Славчо Александров
Авторски знак Дон - Д 77
245 10 - Сведения за заглавието
Заглавие Съсед с далекоглед
Подзаглавни данни Весели стихове за най-малките
Редно поле (дума) Славчо Александров Донков; худож. Елена Пъдарева.
257 ## - Страна на издаване
Страна на създаване/издаване България
260 ## - Област на издателските данни
-- София
Име на издателя, разпространителя и проч. Бълг. писател
Година на издаване 1989
Печатница Враца : В. Александров
300 ## - Физическа характеристика
Страници 96 с.
Илюстрации и др. с цв. ил.
Размери/Мащаб 18 см
380 ## - Жанр
Жанр Детска худож. лит.
500 ## - Общи забележки
Забележка 7 811 тир.
653 ## - Ключова дума – ненормативна
Ключова дума детска литература
653 ## - Ключова дума – ненормативна
Ключова дума литература за деца
700 1# - Други автори (авторска отговорност)
Лично име Пъдарева, Елена
Автороска отговорност (Описва отношението между автора и произведението) худож.
9 (RLIN) 366096
852 ## - Местоположение
Форматна сигнатура Цб 260474
856 4# - Електронен адрес и достъп
Електронен формат pdf - файл
Път до файла /url/
856 4# - Електронен адрес и достъп
Електронен формат pdf - файл
Път до файла /url/
942 ## - АРТИКУЛИ
Вид на библиотечния материал Книги
Скрит в OPAC Не
944 ## - СЪЗДАВАНЕ И РЕДАКЦИЯ на ЗАПИСА
Създаване/Редакция Създаване
Дата на регистрацията/редакция 08.07.2013
Статус, дата на статуса 08.07.2013 - от С1,Р / 08.07.2013
Служител, извършил регистрацията/редакцията Полина_Златанова
944 ## - СЪЗДАВАНЕ И РЕДАКЦИЯ на ЗАПИСА
Създаване/Редакция Редакция
Дата на регистрацията/редакция 13.09.2017
Статус, дата на статуса 08.07.2013 - от С1,Р / 08.07.2013
Служител, извършил регистрацията/редакцията Севдалина_Василева
999 ## - СИСТЕМНИ КОНТРОЛНИ НОМЕРА
Koha biblionumber 139106
Koha biblioitemnumber 139106
Наличности
Код за отписване Код за изгубен артикул Източник на класификационната схема Код за повреда Коз за рестрикции Код за отдаване Артикулен № Име на библиотеката - собственик Име на библиотеката, в която се намира в момента Статус (Текущо местоположение) Дата на вписване в системата Местоположение - отдел Цена в лева Инвентарен номер Систематично азбучна сигнатура Баркод Номер на екземпляра Цена в евро Служебна бележка Служебен тип на артикула Бележка за публиката
  Не е изгубен Universal Decimal Classification Не е повреден без рестрикции ползва се в читалня 227529 Регионална библиотека "Любен Каравелов" Русе Регионална библиотека "Любен Каравелов" Русе Хранилище 1989-01-01 Хранилище 1.09 516790 Цб 260474 120000516790 1 0.56 N: стар фонд Дата: 01.01.1989 Книги  
Изтеглен Не е изгубен Universal Decimal Classification Не е повреден без рестрикции заемане за дома 227530 Регионална библиотека "Любен Каравелов" Русе Регионална библиотека "Любен Каравелов" Русе Детски отдел 1989-01-01 Детски отдел 1.09 523547 ДХ 886.7/Д 77 120000523547 2 0.56 N: стар фонд Дата: 01.01.1989 Дата инв: 04.08.2015 Бележки инв: Д2015 Книги  
Изтеглен Не е изгубен   Не е повреден без рестрикции заемане за дома 227531 Регионална библиотека "Любен Каравелов" Русе Регионална библиотека "Любен Каравелов" Русе   1989-01-01 Детски отдел 1.09 523548 ДХ 886.7/Д 77 523548 3 0.56 N: стар фонд Дата: 01.01.1989 Дата инв: 25.09.2015 Бележки инв: Д2015 Книги Отч.N: 46/17 , Дата: 04.10.2017
Изтеглен Не е изгубен Universal Decimal Classification Не е повреден без рестрикции заемане за дома 227532 Регионална библиотека "Любен Каравелов" Русе Регионална библиотека "Любен Каравелов" Русе Детски отдел 1989-01-01 Детски отдел 1.09 523549 ДХ 886.7/Д 77 523549 4 0.56 N: стар фонд Дата: 01.01.1989 Дата инв: 01.09.2015 Бележки инв: Д2015 Книги  
Изтеглен Не е изгубен   Не е повреден без рестрикции заемане за дома 227533 Регионална библиотека "Любен Каравелов" Русе Регионална библиотека "Любен Каравелов" Русе   1989-01-01 Детски отдел 1.09 523550 ДХ 886.7/Д 77 523550 5 0.56 N: стар фонд Дата: 01.01.1989 Дата инв: 01.09.2015 Бележки инв: Д2015 Книги Отч.N: 28/2017 , Дата: 16.08.2017
Vip Innovations Ltd, Rousse, Bulgaria 2025